| 000 | 00000nas 2200000za 4500 |
| 001 | 9.508316 |
| 003 | CaOODSP |
| 005 | 20200421140219 |
| 007 | ta |
| 008 | 150406d19911994oncqr p #ss f0 a0eng|d |
| 022 | |a0318-9007 |
| 040 | |aCaOODSP|beng |
| 041 | |aeng|afre |
| 043 | |an-cn--- |
| 086 | 1 |aCS72-005 |
| 245 | 00|aEstimates of labour income. |
| 246 | 31|aEstimations du revenu du travail |fJan./Mar. 1972-Oct./Dec. 1994 |
| 260 | |aOttawa : |bDominion Bureau of Statistics : |bStatistics Canada, |c[1949?-1994]. |
| 310 | |aQuarterly|bJan./Mar. 1976-Oct./Dec. 1994. |
| 321 | |aMonthly (irregular), |bOct. 1949-Dec. 1975 |
| 546 | |aText in English only, Oct. 1949-Oct./Dec. 1971; text in English and French, Jan./Mar. 1972- |
| 563 | |aSoftcover |
| 710 | 1 |aCanada. |bDominion Bureau of Statistics. |
| 776 | 0#|tEstimates of labour income |w(CaOODSP)9.806633 |
| 792 | |tEstimations du revenu du travail. |efre|w(CaOODSP)9.508317 |